UM Logo

The speech-language pathologist's handbook for inclusive school practice/ (Record no. 13774)

MARC details
000 -LEADER
fixed length control field 00769nam a22001937a 4500
008 - FIXED-LENGTH DATA ELEMENTS--GENERAL INFORMATION
fixed length control field 190403b ||||| |||| 00| 0 eng d
020 ## - INTERNATIONAL STANDARD BOOK NUMBER
International Standard Book Number 9781501504990
082 ## - DEWEY DECIMAL CLASSIFICATION NUMBER
Edition number 2016
Classification number AV-Eb 616.85506
Item number C374
100 ## - MAIN ENTRY--PERSONAL NAME
Personal name Causton,Julie.
9 (RLIN) 38272
245 ## - TITLE STATEMENT
Title The speech-language pathologist's handbook for inclusive school practice/
Statement of responsibility, etc. Julie Causton and Chelsea Tracy-Bronson.
260 ## - PUBLICATION, DISTRIBUTION, ETC. (IMPRINT)
Name of publisher, distributor, etc. Brookes Publishing,
Date of publication, distribution, etc. ©2014.
300 ## - PHYSICAL DESCRIPTION
Extent 185 pages;
500 ## - GENERAL NOTE
General note Includes index.
650 ## - SUBJECT ADDED ENTRY--TOPICAL TERM
Topical term or geographic name as entry element Inclusive education -- Handbooks, manuals, etc.
9 (RLIN) 38273
650 ## - SUBJECT ADDED ENTRY--TOPICAL TERM
Topical term or geographic name as entry element Speech therapy -- Handbooks, manuals, etc.
9 (RLIN) 38274
700 ## - ADDED ENTRY--PERSONAL NAME
Personal name Tracy-Bronson, Chelsea.
9 (RLIN) 38275
856 ## - ELECTRONIC LOCATION AND ACCESS
Link text https://ebookcentral.proquest.com/lib/uniofmindanao-ebooks/detail.action?docID=1787405
942 ## - ADDED ENTRY ELEMENTS (KOHA)
Source of classification or shelving scheme Dewey Decimal Classification
Koha item type Ebooks
Holdings
Withdrawn status Lost status Source of classification or shelving scheme Damaged status Not for loan Home library Current library Shelving location Date acquired Source of acquisition Total Checkouts Full call number Barcode Date last seen Copy number Price effective from Koha item type
    Dewey Decimal Classification     UM Digos College - LIC UM Digos College - LIC Processing Center 04/03/2019 Downloaded   AV-Eb 616.85506 C374 Eb147 04/03/2019 1 04/03/2019 Ebooks